| 000 | 003890000a22001570004500 | ||
|---|---|---|---|
| 003 | LK-CoMWRAF | ||
| 008 | 230817t ||||| |||| 00| 0 eng d | ||
| 040 |
_aLK-CoMWRAF _dLK-CoMWRAF _eLK-CoMWRAF |
||
| 041 | _aeng | ||
| 082 |
_a400 _bROY |
||
| 245 |
_aKarpanai Mudindhu Poanadhu _b |
||
| 260 |
_bstudent's Federation of India _aIndia _c2000 |
||
| 300 | _ap.32 | ||
| 650 | _aTamil | ||
| 942 | _cBK | ||
| 999 |
_c674 _d674 |
||